000 00855nam a22002411c 4500
001 a987694721
003 RU-10907106
005 20210616133500.0
008 200817s1990 gw a||| 000u eng d
020 _a3926165138
_93-926165-13-8
040 _cRU-10907106
_aRU-10907106
_bger
041 _aeng
100 1 _aSeide, Georg
245 0 0 _aMonasteries and convents of the Russian orthodox church abroad :
_ban historical review /
_cGeorg Seide. Engl. transl. by Theophilos Lasswell
264 _aMunich :
_bMonastery of Saint-Job of Pochaev,
_c1990
300 _a210 Seiten : Illustrationen
650 _aOrthodoxie
650 _aKloster
650 _aKirche
700 1 _aLasswell, Theophilos
_eMitarbeiterIn
711 2 _aDie Klöster der Russischen Orthodoxen Kirche im Ausland in Vergangenheit und Gegenwart <engl.> ; () :
942 _cMG
_2z
999 _c31446
_d31446